000 00752nam a2200229Ia 4500
008 191130s1993##################000#0#eng##
020 _a9780812970425
022 _a94004080
040 _aACL
_cACL
082 _a793.8092 BRA
100 _aBrandon, Ruth
245 _aThe life and many deaths of Harry Houdini
_cRuth Brandon
260 _aNew York
_bRandom House
_cc1993
300 _ax, 355 p., [24] p. of plates : ill. ; 25 cm
500 _aIncludes bibliographical references (p. [339]-343) and index
650 _aEscape artists - United States - Biography
650 _aHoudini, Harry, 1874-1926
650 _aMagicians - United States - Biography
990 _a9bad535aac10000c1ba466ef5b29c752
991 _a336514
999 _c56547
_d56547